000 00416nam a2200157Ia 4500
005 20250423100112.0
008 250422s9999 xx 000 0 und d
020 _a978- 0- 19- 921656- 7
050 _aQL713.2.M274/
100 _aIan L. Boyd
245 0 _aMarine mammal ecology and conservation: a handbook of techniques
260 _bOxford university press
260 _c2010
300 _a450 p
942 _cBK
999 _c32288
_d32288